Trouver de quelle région provient cet alcool - Statistiques

Statistiques générales
  • Ce quiz a été pris 225 fois
  • Le résultat moyen est 6 sur 15
Statistiques - réponses
Alcool Réponse % Correct
Calvados Normandie
89%
Champagne Grand Est
61%
Armagnac Nouvelle-Aquitaine
48%
Cognac Nouvelle-Aquitaine
45%
Beaujolais Auvergne-Rhône-Alpes
44%
Kronenbourg Grand Est
44%
Floc de Gascogne Nouvelle-Aquitaine
43%
Médoc Nouvelle-Aquitaine
43%
Chinon Centre-Val de Loire
42%
Cheverny Centre-Val de Loire
35%
Entre-deux-Mers Nouvelle-Aquitaine
33%
Kir Bourgogne-Franche-Comté
32%
Sancerre Centre-Val de Loire
30%
Faugères Occitanie
20%
Kirsch de Fougerolles Bourgogne-Franche-Comté
10%
Aucun quiz correspondant
Distribution des résultats
% des personnes avec chaque résultat
Percentile par nombre de réponses
Votre historique - résultats
Vous n’avez pas pris ce quiz